| 000 | 00466nam a22001817a 4500 | ||
|---|---|---|---|
| 999 |
_c526703 _d526703 |
||
| 003 | NUST | ||
| 005 | 20190715075027.0 | ||
| 038 | _aFaiza | ||
| 082 |
_a891.421 _bAHM |
||
| 100 |
_aIshfaq Ahmad _9348 |
||
| 245 |
_aKathiya Wathiya / _cIshfaq Ahmad |
||
| 260 |
_aLahore: _bSang-E-Meel Publications, _c2004. |
||
| 300 | _a120p. ; | ||
| 500 | _aHard Cover | ||
| 880 |
_6100-01\r _a اشفاق احمد |
||
| 880 |
_6245-02\r _a /کھٹیا وَٹیا |
||
| 942 |
_2ddc _cBK |
||